Friends Trivia: Name One... Quiz Stats

 Plays Quiz Updated Feb 24, 2020

Support Sporcle.
Go Orange.
Score 0/20 Timer 05:00
12 Plays Today
Can you name... % Correct
A character that starts with the letter 'P'?Phoebe, Paolo, Pete...
97.1%
One of Ross's wives?Carol, Rachel and Emily
94.9%
One of the Friends' kids?Ben, Emma, Erica and Jack
92.9%
One of Phoebes' songs?Smelly Cat, Shower Song, Holiday Song...
92.3%
One of the Friends' pets?Marcel, Chick, Duck...
90.3%
A city the Friends visit?London, Las Vegas, Atlantic City...
88.2%
One of Phoebe's boyfriends?Mike, David, Gary...
85.2%
One of Joey's acting jobs?Days of Our Lives, Mac and C.H.E.E.S.E, Freud...
84.7%
One of Rachel's sisters?Amy and Jill
77%
A character who lived in Joey and Chandler's apartment other than the main Friends?Eddie, Janine and Kip
75.9%
Can you name... % Correct
One of the Friends' costumes from 'The One with the Halloween Party'?Spudnik, Catwoman, Supergirl...
71.9%
One of Monica's nicknames?Harmonica, Big Fat Goalie, Candy Lady...
71.8%
A character that died on the series?Mr Heckles, Estelle and Nana
69.7%
One of the Friends' middle names?Muriel, Karen, Francis...
68.7%
A food Ross is allergic to?Lobster, Peanuts and Kiwi
60.7%
An episode that does NOT start with 'The One...'?'The Pilot' and 'The Last One'
57.4%
A guest star who has won an Oscar?George Clooney, Julia Roberts, Robin Williams...
57.2%
One of Joey's sisters?Mary Angela, Mary Therese, Dina...
55.3%
Chandler's job?IT Procurement Manager specializing in Statistical analysis and data reconfiguration
35.4%
One of Rachel's parents?Dr. Leonard Green and Sandra Green
29.8%

You're not logged in!

Compare scores with friends on all Sporcle quizzes.
OR
Log In

From the Vault

Country-Capital Matching (A-Z)

by RobPro

This quiz tests knowledge of countries, capitals and letters.
Remove Ads.
Support Sporcle.
Get the best of Sporcle when you Go Orange. This ad-free experience offers more features, more stats, and more fun while also helping to support Sporcle. Thank you for becoming a member.

Show Comments

Extras

Top Quizzes Today


Score Distribution

Your Account Isn't Verified!

In order to create a playlist on Sporcle, you need to verify the email address you used during registration. Go to your Sporcle Settings to finish the process.

Report this User

Report this user for behavior that violates our Community Guidelines.

Details: